000 00216nam a2200085Ia 4500
008 120527s9999 xx 000 0 und d
100 _aPolit & hungler
245 _aNursing research: Principles and methods
942 _cBK
999 _c27395
_d27395